| 000 | 00394nam a22001337a 4500 | ||
|---|---|---|---|
| 005 | 20241203093048.0 | ||
| 008 | 241203b |||||||| |||| 00| 0 eng d | ||
| 050 |
_aPN761. _bA3 ADA |
||
| 100 | _aADAMS, ROBERT MARTIN | ||
| 245 | _aNIL EPISODES IN THE LITERARY CONQUEST OF VUID DURING THE 19TH CENTURY | ||
| 260 |
_aNEW YORK _bOXFORD UNIVERSITY PRESS _cc1966 |
||
| 300 | _a249p | ||
| 942 |
_2lcc _cBK _n0 |
||
| 999 |
_c1906 _d1906 |
||